Heat transfer (Record no. 3641)

000 -LEADER
fixed length control field 00564nam a2200229 a 4500
001 - CONTROL NUMBER
control field 3641
003 - CONTROL NUMBER IDENTIFIER
control field BD-DhUET
008 - FIXED-LENGTH DATA ELEMENTS--GENERAL INFORMATION
fixed length control field 960506s1997 nyua b 001 0 eng
020 ## - INTERNATIONAL STANDARD BOOK NUMBER
International Standard Book Number 0071143203
020 ## - INTERNATIONAL STANDARD BOOK NUMBER
International Standard Book Number 0078447852
040 ## - CATALOGING SOURCE
Original cataloging agency DLC
Transcribing agency DLC
Modifying agency BD-DhUET
082 00 - DEWEY DECIMAL CLASSIFICATION NUMBER
Classification number 621.011
Item number HOL/1997
100 1# - MAIN ENTRY--PERSONAL NAME
Personal name Holman, J. P.
245 10 - TITLE STATEMENT
Title Heat transfer
250 ## - EDITION STATEMENT
Edition statement 8th ed.
260 ## - PUBLICATION, DISTRIBUTION, ETC. (IMPRINT)
Place of publication, distribution, etc. New York
Name of publisher, distributor, etc. McGraw-Hill
Date of publication, distribution, etc. 1997
300 ## - PHYSICAL DESCRIPTION
Extent xviii, 696 p.
Other physical details ill.
490 ## - SERIES STATEMENT
Series statement Schaum's outline series
504 ## - BIBLIOGRAPHY, ETC. NOTE
Bibliography, etc Includes bibliographies
650 #0 - SUBJECT ADDED ENTRY--TOPICAL TERM
Topical term or geographic name as entry element Heat transfer
942 ## - ADDED ENTRY ELEMENTS (KOHA)
Koha item type General Book
Holdings
Koha out on loan Shelving location Koha item type Location (home branch) Koha full call number Source of classification or shelving scheme Withdrawn status Lost status Price effective from Sublocation or collection (holding branch) Koha date last seen Piece designation (barcode) Koha issues (times borrowed) Copy number Date acquired Damaged status Not for loan Koha normalized classification for sorting Koha date last borrowed
2025-05-11Circulation sectionGeneral BookCentral Library, BUET621.011/HOL/1997   2014-11-03Central Library, BUET2025-04-2792450312014-11-03  621_011000000000000_HOL_19972025-04-27
 Circulation sectionGeneral BookCentral Library, BUET621.011/HOL/1997   2014-11-03Central Library, BUET2014-11-0392452 22014-11-03  621_011000000000000_HOL_1997 
 Circulation sectionGeneral BookCentral Library, BUET621.011/HOL/1997   2014-11-03Central Library, BUET2016-07-3092453 32014-11-03  621_000000000000000_011HOL1997 
 Circulation sectionGeneral BookCentral Library, BUET621.011/HOL/1997   2014-11-03Central Library, BUET2022-06-0892454142014-11-03  621_000000000000000_011HOL19972022-01-09
 Circulation sectionGeneral BookCentral Library, BUET621.011/HOL/1997   2014-11-03Central Library, BUET2024-10-2892455252014-11-03  621_000000000000000_011HOL19972024-10-02
 Circulation sectionGeneral BookCentral Library, BUET621.011/HOL/1997   2014-11-03Central Library, BUET2024-08-3192457362014-11-03  621_000000000000000_011HOL19972023-12-10
 Circulation sectionGeneral BookCentral Library, BUET621.011/HOL/1997   2014-11-03Central Library, BUET2014-11-0392459 72014-11-03  621_000000000000000_011HOL1997 
 Circulation sectionGeneral BookCentral Library, BUET621.011/HOL/1997   2014-11-03Central Library, BUET2024-08-2892460182014-11-03  621_011000000000000_HOL_19972024-03-12
 Circulation sectionGeneral BookCentral Library, BUET621.011/HOL/1997   2014-11-03Central Library, BUET2024-06-2292461192014-11-03  621_000000000000000_011HOL19972024-04-08
 Circulation sectionGeneral BookCentral Library, BUET621.011/HOL/1997   2014-11-03Central Library, BUET2025-03-12924625102014-11-03  621_000000000000000_011HOL19972024-12-10
 Circulation sectionGeneral BookCentral Library, BUET621.011/HOL/1997   2014-11-03Central Library, BUET2017-05-03924641112014-11-03  621_000000000000000_011HOL19972015-03-04
 Circulation sectionGeneral BookCentral Library, BUET621.011/HOL/1997   2014-11-03Central Library, BUET2019-07-10924653122014-11-03  621_000000000000000_011HOL19972019-06-17
 Circulation sectionGeneral BookCentral Library, BUET621.011/HOL/1997   2014-11-03Central Library, BUET2022-06-08924663132014-11-03  621_000000000000000_011HOL19972022-05-24
 Circulation sectionGeneral BookCentral Library, BUET621.011 HOL/1997   2015-04-12Central Library, BUET2015-04-1292468 142015-04-12  621_011000000000000_HOL_1997 
 Reading sectionReading ItemCentral Library, BUET621.011/HOL/1997   2015-07-02Central Library, BUET2015-07-0292447 152015-07-02  621_011000000000000_HOL_1997 
 Reading sectionReading ItemCentral Library, BUET621.011/HOL/1997   2015-07-09Central Library, BUET2015-07-0992446 162015-07-09  621_011000000000000_HOL_1997